000 00495nam a22001937a 4500
005 20221122092106.0
008 221122b ||||| |||| 00| 0 eng d
020 _a9548091143
040 _cAL
041 _aEnglish
082 _223
_a253.5
_bDOUT
100 _aBeinsa Douno
_963038
245 _aThree Lives
260 _aSofia
_bBialo Bratstvo
300 _a23 p.
_bPB
_c19x12.7 cm.
650 _aSpiritual life--Christianity
_963039
700 _aDOUNO(Beinsa)
_963040
942 _2ddc
_cGF
999 _c225252
_d225252